Presión fiscal e inconstitucionalidad (Registro nro. 1339)

Detalles MARC
000 -LEADER
fixed length control field 02038 a2200217 4500
001 - CONTROL NUMBER
control field 25232
005 - DATE AND TIME OF LATEST TRANSACTION
control field 20260407155536.0
008 - FIXED-LENGTH DATA ELEMENTS--GENERAL INFORMATION
fixed length control field 260407a1992 arg spa d
003 - CONTROL NUMBER IDENTIFIER
control field AR-UNSa-BCEJYS
040 ## - CATALOGING SOURCE
Original cataloging agency AR-UNSa-BCEJYS
Language of cataloging spa
Transcribing agency AR-UNSa-BCEJYS
080 ## - UNIVERSAL DECIMAL CLASSIFICATION NUMBER
Universal Decimal Classification number 336.225.3
Common auxiliary subdivision Sujetos de tributación. Personas u organismos. Contribuyentes
020 ## - INTERNATIONAL STANDARD BOOK NUMBER
International Standard Book Number 950-14-0651-2
100 1# - MAIN ENTRY--PERSONAL NAME
Personal name Casás, José Osvaldo
245 10 - TITLE STATEMENT
Title Presión fiscal e inconstitucionalidad
Name of part/section of a work (las garantías constitucionales ante la presión del conjunto de tributos que recaen sobre el sujeto contribuyente)
264 #1 - PRODUCTION, PUBLICATION, DISTRIBUTION, MANUFACTURE, AND COPYRIGHT NOTICE
Place of production, publication, distribution, manufacture Buenos Aires :
Name of producer, publisher, distributor, manufacturer Depalma
Date of production, publication, distribution, manufacture, or copyright notice 1992
300 ## - PHYSICAL DESCRIPTION
Extent 278 p.
Dimensions 23 cm.
505 ## - FORMATTED CONTENTS NOTE
Formatted contents note 1. De las XIV jornadas latinoamericanas de derecho tributario y su temario - 2. De la introducción al informe nacional - 3. De la supremacía de la constitución y del rol del poder judicial - 4. De la parte dogmática de la constitución y de los derechos y garantías de los contribuyentes - 5. Garantías constitucionales comprometidas por extralimitación en la intensidad de la presión tributaria conforme a la jurisprudencia de la corte suprema de justicia de la Nación computando un solo tributo sobre una única manifestación de riqueza - 6. De los casos en que no ha prosperado la impugnación constitucional de tributos a pesar de su monto, de la presión tributaria a que conducían o de las carcterísticas de su aplicación - 7. De una nueva perspectiva jurisprudencial invalidante de los desbordes tributarios - 8. De la propuestas del informe nacional - 9. De algunas reflexiones sobre la gestación, redacción y consenso por los considerandos y recomendaciones de las jornadas - 10. Una trascendente modificación en la doctrina de la corte suprema de justicia de la nación sobre la naturlaeza jurídica de los municipios de provincia y sus posibles implicancias en el campo tributario.
590 ## - LOCAL NOTE (RLIN)
Local note niveau_biblio:m niveau_hierar:0
856 41 - ELECTRONIC LOCATION AND ACCESS
Uniform Resource Identifier <a href="https://biblioeco.unsa.edu.ar/pmb/images/libros/L58775.jpg">https://biblioeco.unsa.edu.ar/pmb/images/libros/L58775.jpg</a>
Link text Imagen de portada
Electronic format type image/jpeg
942 ## - ADDED ENTRY ELEMENTS (KOHA)
Koha item type
Existencias
Withdrawn status Lost status Damaged status Not for loan Home library Current library Shelving location Date acquired Total checkouts Full call number Barcode Date last seen Price effective from Koha item type
        Biblioteca Prof. Eusebio Cleto del Rey Biblioteca Prof. Eusebio Cleto del Rey   07/04/2026   336.225.3 C334 L58775 07/04/2026 07/04/2026 Libro